[Event "Novokuznetsk-ch op"]
[Site "Novokuznetsk"]
[Date "2007.11.24"]
[Round "7"]
[White "Shurenkov, Evgeniy"]
[Black "Oschepkov, Dmitri"]
[Result "0-1"]
[WhiteElo "2067"]
[BlackElo "2137"]
[PlyCount "62"]
[EventDate "2007.11.24"]
[EventType "swiss"]
[EventRounds "9"]
[EventCountry "RUS"]
[SourceTitle "EXT 2022"]
[Source "ChessBase"]
[SourceDate "2021.10.06"]
[SourceVersion "1"]
[SourceVersionDate "2021.10.06"]
[SourceQuality "1"]

1. e4 e5 2. Nf3 Nf6 3. Nxe5 d6 4. Nf3 Nxe4 5. d4 d5 6. Bd3 Nc6 7. 0-0 Be7 8. c4 Nf6 9. Nc3 0-0 10. h3 Nb4 11. Be2 dxc4 12. Bxc4 c6 13. Bf4 Nbd5 14. Be5 Be6 15. Bd3 Qd7 16. Re1 Rad8 17. Qb1 h6 18. a3 Bd6 19. Ne2 Nh5 20. Qc2 Ndf4 21. Nxf4 Nxf4 22. Bxf4 Bxf4 23. Re4 Bd6 24. Re2 Rfe8 25. Rae1 Bc7 26. Qc5 Bb6 27. Qh5 Bxd4 28. Rd2 c5 29. Nxd4 cxd4 30. Bb5 Bg4 31. Rxe8+ Qxe8 0-1

[Event "Novokuznetsk-ch op"]
[Site "Novokuznetsk"]
[Date "2007.11.24"]
[Round "3"]
[White "Shurenkov, Evgeniy"]
[Black "Vladimirov, Mikhail"]
[Result "0-1"]
[WhiteElo "2067"]
[BlackElo "2187"]
[PlyCount "76"]
[EventDate "2007.11.24"]
[EventType "swiss"]
[EventRounds "9"]
[EventCountry "RUS"]
[SourceTitle "EXT 2022"]
[Source "ChessBase"]
[SourceDate "2021.10.06"]
[SourceVersion "1"]
[SourceVersionDate "2021.10.06"]
[SourceQuality "1"]

1. e4 c5 2. Nf3 d6 3. d4 cxd4 4. Nxd4 Nf6 5. Nc3 a6 6. Be3 e5 7. Nf3 Be7 8. Bc4 0-0 9. Qd2 Qc7 10. Bb3 Nbd7 11. 0-0-0 Nc5 12. Bxc5 dxc5 13. Nd5 Nxd5 14. Bxd5 Rb8 15. h4 b5 16. h5 c4 17. h6 g6 18. Nh4 Bf6 19. f3 a5 20. g4 Qe7 21. Qe1 Bg5+ 22. Kb1 a4 23. Ng2 a3 24. b3 Kh8 25. Qc3 cxb3 26. cxb3 b4 27. Qd3 Qc5 28. f4 exf4 29. Rc1 Qa7 30. Rcf1 Ba6 31. Bc4 Rfd8 32. Qe2 Bxc4 33. Qxc4 Rd2 34. Rc1 Rb2+ 35. Ka1 Rxg2 36. Qc8+ Bd8 37. Rhd1 Rxc8 38. Rxc8 Qd4+ 0-1